000 00731nam a2200193Ia 4500
003 GCL
008 140319s9999 xx 000 0 ara d
040 _aGCL /
_cGCL
082 0 4 _a953.0738
_bم و
100 1 _aمحمد حمدى المناوى
245 1 0 _aالوزارة والوزراء فى العصر الفاطمى /
_cمحمد حمدى المناوى
260 _aالقاهرة :
_bدار المعارف
300 _a332 ص ؛
_c24 سم
490 _aمكتبة الدراسات التاريخية والعلاقات الدولية
_v0
650 0 4 _aالدولة الفاطمية
650 0 4 _aرجال الدولة
650 0 4 _aمصر - تاريخ - العصر الفاطمى - الوزارت
942 _2ddc
_cBK
999 _c59101
_d59101